| 000 | 00346nam a22001457a 4500 | ||
|---|---|---|---|
| 003 | SGT | ||
| 020 | _a978-81-19613-88-5 | ||
| 082 |
_a362.1 _bMIS |
||
| 100 | _aMISHRA, ANKIT KUMAR | ||
| 245 | _aSOCIAL AND PREVENTIVE PHARMACY | ||
| 260 |
_aINDIA _bIP PUB. _c2024 |
||
| 300 | _a164 | ||
| 650 | _aSOCIAL AND PREVENTIVE PHARMACY | ||
| 942 |
_2ddc _cBK |
||
| 999 |
_c32471 _d32471 |
||